Improvements and development in the public service for the year 1992 (Record no. 479042)

000 -LEADER
fixed length control field 00413cam a22001217a 4500
008 - FIXED-LENGTH DATA ELEMENTS--GENERAL INFORMATION
fixed length control field 180718b1993 xxu||||| |||| 00| 0 eng d
082 ## - DEWEY DECIMAL CLASSIFICATION NUMBER
Classification number K12x595 M291/1992
100 ## - MAIN ENTRY--PERSONAL NAME
Personal name Malaysia. Department of Prime Minister's
245 ## - TITLE STATEMENT
Title Improvements and development in the public service for the year 1992
260 ## - PUBLICATION, DISTRIBUTION, ETC.
Place of publication, distribution, etc. Kuala Lumpur
Name of publisher, distributor, etc. National Printing Department
Date of publication, distribution, etc. 1993
300 ## - PHYSICAL DESCRIPTION
Extent 705p.
650 ## - SUBJECT ADDED ENTRY--TOPICAL TERM
Topical term or geographic name entry element Civil Service - Malaysia
Holdings
Withdrawn status Lost status Damaged status Not for loan Permanent Location Current Location Date acquired Full call number Barcode Date last seen Price effective from Koha item type
        Indian Institute of Public Administration Indian Institute of Public Administration 2018-08-04 K12x595 M291/1992 GG21583 2018-08-04 2018-08-04 GG

Powered by Koha